<?xml version="1.0" encoding="UTF-8"?>
<record
    xmlns:xsi="http://www.w3.org/2001/XMLSchema-instance"
    xsi:schemaLocation="http://www.loc.gov/MARC21/slim http://www.loc.gov/standards/marcxml/schema/MARC21slim.xsd"
    xmlns="http://www.loc.gov/MARC21/slim">

  <leader>00550    a2200217   4500</leader>
  <controlfield tag="001">139497</controlfield>
  <controlfield tag="003">OSt</controlfield>
  <controlfield tag="005">20251211131123.0</controlfield>
  <controlfield tag="008">                                        </controlfield>
  <datafield tag="020" ind1=" " ind2=" ">
    <subfield code="a">9780070702189</subfield>
  </datafield>
  <datafield tag="082" ind1=" " ind2=" ">
    <subfield code="a">530.12</subfield>
    <subfield code="b">W63Q</subfield>
  </datafield>
  <datafield tag="100" ind1="1" ind2=" ">
    <subfield code="a">Wichmann, Eyvind H.</subfield>
  </datafield>
  <datafield tag="245" ind1="1" ind2=" ">
    <subfield code="a">Quantum physics (Volume IV)</subfield>
    <subfield code="c">by Eyvind H. Wichman</subfield>
  </datafield>
  <datafield tag="260" ind1=" " ind2=" ">
    <subfield code="a">New Delhi</subfield>
    <subfield code="b">Tata McGraw Hill</subfield>
    <subfield code="c">2012</subfield>
  </datafield>
  <datafield tag="300" ind1=" " ind2=" ">
    <subfield code="a">411p.</subfield>
  </datafield>
  <datafield tag="490" ind1=" " ind2=" ">
    <subfield code="a">Berkeley physics course</subfield>
  </datafield>
  <datafield tag="546" ind1=" " ind2=" ">
    <subfield code="a">english</subfield>
  </datafield>
  <datafield tag="650" ind1=" " ind2=" ">
    <subfield code="a">Physics</subfield>
  </datafield>
  <datafield tag="653" ind1=" " ind2=" ">
    <subfield code="a">Quantum theory; </subfield>
  </datafield>
  <datafield tag="942" ind1=" " ind2=" ">
    <subfield code="2">ddc</subfield>
    <subfield code="c">BK</subfield>
  </datafield>
  <datafield tag="999" ind1=" " ind2=" ">
    <subfield code="c">12142</subfield>
    <subfield code="d">12142</subfield>
  </datafield>
  <datafield tag="952" ind1=" " ind2=" ">
    <subfield code="0">0</subfield>
    <subfield code="1">0</subfield>
    <subfield code="4">0</subfield>
    <subfield code="7">0</subfield>
    <subfield code="a">CURAJ</subfield>
    <subfield code="b">CURAJ</subfield>
    <subfield code="c">PHY</subfield>
    <subfield code="d">2014-03-12</subfield>
    <subfield code="e">Rawat Booksellers</subfield>
    <subfield code="g">530.00</subfield>
    <subfield code="i">156/12-09-13</subfield>
    <subfield code="l">0</subfield>
    <subfield code="o">530.12 W63Q</subfield>
    <subfield code="p">15374</subfield>
    <subfield code="r">2024-11-21</subfield>
    <subfield code="w">2020-09-02</subfield>
    <subfield code="y">BK</subfield>
  </datafield>
  <datafield tag="952" ind1=" " ind2=" ">
    <subfield code="0">0</subfield>
    <subfield code="1">0</subfield>
    <subfield code="4">0</subfield>
    <subfield code="7">0</subfield>
    <subfield code="a">CURAJ</subfield>
    <subfield code="b">CURAJ</subfield>
    <subfield code="c">PHY</subfield>
    <subfield code="d">2014-03-12</subfield>
    <subfield code="e">Rawat Booksellers</subfield>
    <subfield code="g">530.00</subfield>
    <subfield code="i">156/12-09-13</subfield>
    <subfield code="l">0</subfield>
    <subfield code="o">530.12 W63Q</subfield>
    <subfield code="p">15375</subfield>
    <subfield code="r">2024-11-21</subfield>
    <subfield code="w">2020-09-02</subfield>
    <subfield code="y">BK</subfield>
  </datafield>
  <datafield tag="952" ind1=" " ind2=" ">
    <subfield code="0">0</subfield>
    <subfield code="1">0</subfield>
    <subfield code="2">ddc</subfield>
    <subfield code="4">0</subfield>
    <subfield code="7">0</subfield>
    <subfield code="8">TXB</subfield>
    <subfield code="a">CURAJ</subfield>
    <subfield code="b">CURAJ</subfield>
    <subfield code="d">2014-03-12</subfield>
    <subfield code="e">PHY</subfield>
    <subfield code="g">0.00</subfield>
    <subfield code="o">530.12 W63Q</subfield>
    <subfield code="p">14474</subfield>
    <subfield code="r">2024-11-21</subfield>
    <subfield code="w">2020-09-02</subfield>
    <subfield code="y">BK</subfield>
  </datafield>
  <datafield tag="952" ind1=" " ind2=" ">
    <subfield code="0">0</subfield>
    <subfield code="1">0</subfield>
    <subfield code="2">ddc</subfield>
    <subfield code="4">0</subfield>
    <subfield code="7">0</subfield>
    <subfield code="8">TXB</subfield>
    <subfield code="a">CURAJ</subfield>
    <subfield code="b">CURAJ</subfield>
    <subfield code="d">2014-03-12</subfield>
    <subfield code="e">PHY</subfield>
    <subfield code="g">0.00</subfield>
    <subfield code="l">3</subfield>
    <subfield code="o">530.12 W63Q</subfield>
    <subfield code="p">14475</subfield>
    <subfield code="r">2025-01-06</subfield>
    <subfield code="s">2024-12-17</subfield>
    <subfield code="w">2020-09-02</subfield>
    <subfield code="y">BK</subfield>
  </datafield>
  <datafield tag="952" ind1=" " ind2=" ">
    <subfield code="0">0</subfield>
    <subfield code="1">0</subfield>
    <subfield code="4">0</subfield>
    <subfield code="7">0</subfield>
    <subfield code="a">CURAJ</subfield>
    <subfield code="b">CURAJ</subfield>
    <subfield code="c">PHY</subfield>
    <subfield code="d">2014-03-12</subfield>
    <subfield code="e">Rawat Booksellers</subfield>
    <subfield code="g">530.00</subfield>
    <subfield code="i">156/12-09-13</subfield>
    <subfield code="l">4</subfield>
    <subfield code="o">530.12 W63Q</subfield>
    <subfield code="p">15366</subfield>
    <subfield code="r">2024-11-21</subfield>
    <subfield code="s">2023-08-03</subfield>
    <subfield code="w">2020-09-02</subfield>
    <subfield code="y">BK</subfield>
  </datafield>
  <datafield tag="952" ind1=" " ind2=" ">
    <subfield code="0">0</subfield>
    <subfield code="1">0</subfield>
    <subfield code="4">0</subfield>
    <subfield code="7">0</subfield>
    <subfield code="a">CURAJ</subfield>
    <subfield code="b">CURAJ</subfield>
    <subfield code="c">PHY</subfield>
    <subfield code="d">2014-03-12</subfield>
    <subfield code="e">Rawat Booksellers</subfield>
    <subfield code="g">530.00</subfield>
    <subfield code="i">156/12-09-13</subfield>
    <subfield code="l">2</subfield>
    <subfield code="o">530.12 W63Q</subfield>
    <subfield code="p">15370</subfield>
    <subfield code="r">2025-01-14</subfield>
    <subfield code="s">2024-12-30</subfield>
    <subfield code="w">2020-09-02</subfield>
    <subfield code="y">BK</subfield>
  </datafield>
  <datafield tag="952" ind1=" " ind2=" ">
    <subfield code="0">0</subfield>
    <subfield code="1">0</subfield>
    <subfield code="4">0</subfield>
    <subfield code="7">0</subfield>
    <subfield code="a">CURAJ</subfield>
    <subfield code="b">CURAJ</subfield>
    <subfield code="c">PHY</subfield>
    <subfield code="d">2014-03-12</subfield>
    <subfield code="e">Rawat Booksellers</subfield>
    <subfield code="g">530.00</subfield>
    <subfield code="i">156/12-09-13</subfield>
    <subfield code="l">1</subfield>
    <subfield code="o">530.12 W63Q</subfield>
    <subfield code="p">15371</subfield>
    <subfield code="r">2024-11-21</subfield>
    <subfield code="s">2022-10-13</subfield>
    <subfield code="w">2020-09-02</subfield>
    <subfield code="y">BK</subfield>
  </datafield>
  <datafield tag="952" ind1=" " ind2=" ">
    <subfield code="0">0</subfield>
    <subfield code="1">0</subfield>
    <subfield code="4">0</subfield>
    <subfield code="7">0</subfield>
    <subfield code="a">CURAJ</subfield>
    <subfield code="b">CURAJ</subfield>
    <subfield code="c">PHY</subfield>
    <subfield code="d">2014-03-12</subfield>
    <subfield code="e">Rawat Booksellers</subfield>
    <subfield code="g">530.00</subfield>
    <subfield code="i">156/12-09-13</subfield>
    <subfield code="l">0</subfield>
    <subfield code="o">530.12 W63Q</subfield>
    <subfield code="p">15372</subfield>
    <subfield code="r">2024-11-21</subfield>
    <subfield code="w">2020-09-02</subfield>
    <subfield code="y">BK</subfield>
  </datafield>
  <datafield tag="952" ind1=" " ind2=" ">
    <subfield code="0">0</subfield>
    <subfield code="1">0</subfield>
    <subfield code="4">0</subfield>
    <subfield code="7">0</subfield>
    <subfield code="a">CURAJ</subfield>
    <subfield code="b">CURAJ</subfield>
    <subfield code="c">PHY</subfield>
    <subfield code="d">2014-03-12</subfield>
    <subfield code="e">Rawat Booksellers</subfield>
    <subfield code="g">530.00</subfield>
    <subfield code="i">156/12-09-13</subfield>
    <subfield code="l">0</subfield>
    <subfield code="o">530.12 W63Q</subfield>
    <subfield code="p">15373</subfield>
    <subfield code="r">2024-11-21</subfield>
    <subfield code="w">2020-09-02</subfield>
    <subfield code="y">BK</subfield>
  </datafield>
  <datafield tag="952" ind1=" " ind2=" ">
    <subfield code="0">0</subfield>
    <subfield code="1">0</subfield>
    <subfield code="2">ddc</subfield>
    <subfield code="4">0</subfield>
    <subfield code="7">0</subfield>
    <subfield code="8">TXB</subfield>
    <subfield code="a">CURAJ</subfield>
    <subfield code="b">CURAJ</subfield>
    <subfield code="d">2014-03-12</subfield>
    <subfield code="e">PHY</subfield>
    <subfield code="g">0.00</subfield>
    <subfield code="l">1</subfield>
    <subfield code="o">530.12 W63Q</subfield>
    <subfield code="p">14476</subfield>
    <subfield code="r">2025-01-06</subfield>
    <subfield code="s">2024-12-17</subfield>
    <subfield code="w">2020-09-02</subfield>
    <subfield code="y">BK</subfield>
  </datafield>
  <datafield tag="952" ind1=" " ind2=" ">
    <subfield code="0">0</subfield>
    <subfield code="1">0</subfield>
    <subfield code="4">0</subfield>
    <subfield code="7">0</subfield>
    <subfield code="a">CURAJ</subfield>
    <subfield code="b">CURAJ</subfield>
    <subfield code="c">PHY</subfield>
    <subfield code="d">2014-03-12</subfield>
    <subfield code="e">Rawat Booksellers</subfield>
    <subfield code="g">530.00</subfield>
    <subfield code="i">156/12-09-13</subfield>
    <subfield code="l">0</subfield>
    <subfield code="o">530.12 W63Q</subfield>
    <subfield code="p">15367</subfield>
    <subfield code="r">2024-11-21</subfield>
    <subfield code="w">2020-09-02</subfield>
    <subfield code="y">BK</subfield>
  </datafield>
  <datafield tag="952" ind1=" " ind2=" ">
    <subfield code="0">0</subfield>
    <subfield code="1">0</subfield>
    <subfield code="2">ddc</subfield>
    <subfield code="4">0</subfield>
    <subfield code="7">0</subfield>
    <subfield code="8">TXB</subfield>
    <subfield code="a">CURAJ</subfield>
    <subfield code="b">CURAJ</subfield>
    <subfield code="d">2014-03-12</subfield>
    <subfield code="e">PHY</subfield>
    <subfield code="g">0.00</subfield>
    <subfield code="l">3</subfield>
    <subfield code="o">530.12 W63Q</subfield>
    <subfield code="p">14477</subfield>
    <subfield code="r">2026-01-05</subfield>
    <subfield code="s">2025-12-19</subfield>
    <subfield code="w">2020-09-02</subfield>
    <subfield code="y">BK</subfield>
  </datafield>
  <datafield tag="952" ind1=" " ind2=" ">
    <subfield code="0">0</subfield>
    <subfield code="1">0</subfield>
    <subfield code="4">0</subfield>
    <subfield code="7">0</subfield>
    <subfield code="a">CURAJ</subfield>
    <subfield code="b">CURAJ</subfield>
    <subfield code="c">PHY</subfield>
    <subfield code="d">2014-03-12</subfield>
    <subfield code="e">Rawat Booksellers</subfield>
    <subfield code="g">530.00</subfield>
    <subfield code="i">156/12-09-13</subfield>
    <subfield code="l">1</subfield>
    <subfield code="o">530.12 W63Q</subfield>
    <subfield code="p">15368</subfield>
    <subfield code="r">2024-11-21</subfield>
    <subfield code="s">2023-01-09</subfield>
    <subfield code="w">2020-09-02</subfield>
    <subfield code="y">BK</subfield>
  </datafield>
  <datafield tag="952" ind1=" " ind2=" ">
    <subfield code="0">0</subfield>
    <subfield code="1">0</subfield>
    <subfield code="2">ddc</subfield>
    <subfield code="4">0</subfield>
    <subfield code="7">1</subfield>
    <subfield code="8">RTB</subfield>
    <subfield code="a">CURAJ</subfield>
    <subfield code="b">CURAJ</subfield>
    <subfield code="d">2014-03-12</subfield>
    <subfield code="e">PHY</subfield>
    <subfield code="g">0.00</subfield>
    <subfield code="o">530.12 W63Q</subfield>
    <subfield code="p">14478</subfield>
    <subfield code="r">2024-11-21</subfield>
    <subfield code="w">2020-09-02</subfield>
    <subfield code="y">REF</subfield>
  </datafield>
  <datafield tag="952" ind1=" " ind2=" ">
    <subfield code="0">0</subfield>
    <subfield code="1">0</subfield>
    <subfield code="4">0</subfield>
    <subfield code="7">0</subfield>
    <subfield code="a">CURAJ</subfield>
    <subfield code="b">CURAJ</subfield>
    <subfield code="c">PHY</subfield>
    <subfield code="d">2014-03-12</subfield>
    <subfield code="e">Rawat Booksellers</subfield>
    <subfield code="g">530.00</subfield>
    <subfield code="i">156/12-09-13</subfield>
    <subfield code="l">0</subfield>
    <subfield code="o">530.12 W63Q</subfield>
    <subfield code="p">15369</subfield>
    <subfield code="r">2024-11-21</subfield>
    <subfield code="w">2020-09-02</subfield>
    <subfield code="y">BK</subfield>
  </datafield>
</record>
